000
00292nam a2200109 4500
008
160622b xxu||||| |||| 00| 0 eng d
100
_9
554
_a
Arora, P, N
245
_a
2 Plus 2 Composite Mathematics
260
_a
N.D
_b
Navdeep
_c
1998
300
_a
2 Plus 2 Composite Mathematics
942
_2
ddc
_c
BK
999
_c
464
_d
464